000 00587nam a22002057a 4500
005 20251108165958.0
008 250721s1996 xx 000 0 ara d
082 1 4 _aط/ق/ديز
100 1 _aديزني، والت
245 1 0 _aبامبي /
264 1 _aالقاهره :
_bدار المعارف،
_c1996.
300 _a34ص
490 0 _aقصص عالمية للأطفال
650 1 7 _aالقصص العربية
650 1 7 _aالأدب العربي
650 1 7 _aأدب الأطفال
700 1 _aلويسا، أمال
_eترجمة
942 _2ddc
_cBK
999 _c36456
_d36456